[Event "Nordhausen op 11th"]
[Site "Nordhausen"]
[Date "2011.08.04"]
[Round "1.14"]
[White "Letzgus, Philipp"]
[Black "Schoenrock, Ruediger"]
[Result "1/2-1/2"]
[WhiteElo "1577"]
[BlackElo "2061"]
[PlyCount "51"]
[EventDate "2011.08.04"]
[EventType "swiss"]
[EventRounds "7"]
[EventCountry "GER"]
[SourceTitle "EXT 2019"]
[Source "ChessBase"]
[SourceDate "2018.10.10"]
[SourceVersion "1"]
[SourceVersionDate "2018.10.10"]
[SourceQuality "1"]

1. d4 d5 2. e3 Nf6 3. Bd3 e6 4. c3 c5 5. f4 Nc6 6. Nf3 Be7 7. 0-0 0-0 8. Nbd2 Ng4 9. Qe2 f5 10. h3 Nf6 11. Ne5 Ne4 12. Bxe4 fxe4 13. b3 Nxe5 14. fxe5 Rxf1+ 15. Kxf1 a5 16. a4 b6 17. Qg4 Bg5 18. Qg3 Ra7 19. Kg1 Rf7 20. Nf1 Bh4 21. Qg4 Bf2+ 22. Kh2 Ba6 23. Ng3 Be1 24. Bb2 Bd2 25. Qxe6 Bxe3 26. c4 1/2-1/2